|
|
|
|
| LEADER |
00000ny a22000003n 4500 |
| 005 |
20110527100535.0 |
| 008 |
960315s1995 sp 000 spa d |
| 017 |
|
|
|a B23258-1995
|
| 020 |
|
|
|a 8476983441
|
| 035 |
|
|
|a 1129
|
| 040 |
|
|
|a UCM.DER
|d vLex
|
| 040 |
|
|
|a UMA.REA
|d vLex
|
| 080 |
|
|
|a 347.764
|
| 090 |
|
|
|c 307
|d 307
|
| 100 |
1 |
|
|a Hill Prados, Mara̕ Concepcin̤
|
| 245 |
1 |
3 |
|a El reaseguro
|h [Recurso electrn̤ico]
|c Ma. Concepcin̤ Hill Prados
|
| 256 |
|
|
|a Servicio en ln̕ea
|
| 260 |
|
|
|a Barcelona :
|b Jos ̌Mara̕ Bosch,
|c 1995
|
| 300 |
|
|
|a 241 p. ;
|c 20 cm
|
| 504 |
|
|
|a Bibliogr.: p. 205-208
|
| 504 |
|
|
|a Índice
|
| 506 |
1 |
|
|a Contenido solo disponible en los productos indicados
|d vLex Global
|d vLex Global (Academic Edition, excluding Law Schools)
|d vLex Global (U.S. Academic Edition, Law Schools)
|d vLex Global (U.S. Academic Edition, excluding Law Schools)
|d vLex Global (Academic Edition, Law Schools)
|
| 650 |
0 |
7 |
|a Seguros
|2 Tesauro vLex
|
| 650 |
0 |
7 |
|a Mercantil
|2 Tesauro vLex
|
| 650 |
0 |
7 |
|a Contrato de seguro
|2 Tesauro vLex
|
| 650 |
0 |
7 |
|a Reaseguro
|2 Tesauro vLex
|
| 650 |
0 |
7 |
|a Contratos de reaseguro
|2 Tesauro vLex
|
| 650 |
0 |
7 |
|a Derecho de los seguros
|2 Tesauro vLex
|
| 740 |
0 |
|
|a vLex Libros (Servicios en ln̕ea)
|
| 856 |
4 |
0 |
|u http://vlex.com/source/1129
|z Acceso restringido
|
| 942 |
|
|
|c BOOK
|
| 999 |
0 |
|
|a Commercial law
|b Barcelona
|